Vzdelávanie zamestnancov v podniku Krasplast AMG spol. s r. o. ako súčasť personálnej práce

Salvato in:
Dettagli Bibliografici
Autore principale: Pantáková, Veronika, 1991- (Autore)
Altri autori: Holkovič, Ľubomír, 1949- (Relatore della tesi)
Natura: Manoscritto Libro
Lingua:slovacco
Pubblicazione: Trnava : STU v Bratislave MTF UPMK, 2014
Soggetti:
Accesso online:VAIS
Tags: Aggiungi Tag
Nessun Tag, puoi essere il primo ad aggiungerne!!

MARC

LEADER 00000ntm a22000003a 4500
001 stu293241
005 20150617230320.1
008 140708s2014----xo------------------slo-d
040 |a STU  |b slo 
041 0 |a slo 
044 |a xo 
100 1 |a Pantáková, Veronika,  |d 1991-  |4 aut  |u M  |T MTF Materiálovotechnologická fakulta  |X 46022  |U M  |Y 60  |7 A000046022 
242 0 0 |a Training of employees in the company Krasplast AMG s.r.o., as part personal work  |y eng 
245 1 |a Vzdelávanie zamestnancov v podniku Krasplast AMG spol. s r. o. ako súčasť personálnej práce 
260 |a Trnava :  |b STU v Bratislave MTF UPMK,  |c 2014 
300 |a 59s  |c CD 
650 7 |a personálna práca v priemyselnom podniku  |2 stusub 
650 7 |a Personnel Policy in Industrial Plant  |2 estusub 
650 7 |a education  |2 estusub 
650 7 |a vzdelávanie  |2 stusub 
650 7 |a zamestnanec  |2 stusub 
700 1 |a Holkovič, Ľubomír,  |d 1949-  |4 ths  |u M310  |U MTF Ústav inžinierskej pedagogiky a humatitných vied  |T MTF Katedra humanitných vied  |X 1518  |U M310  |Y M310  |7 A000001518 
856 4 |a info a plný text  |u http://is.stuba.sk/zp/portal_zp.pl?podrobnosti=87807  |3 VAIS 
996 |c M*BP-6914  |l MMSKP  |s P  |a 0  |w stu293241_0001